000 00579nam a2200217Ia 4500
005 20250923145920.0
008 008 250917s9999 xx 000 0 eng d
037 _aTextual
040 _aDSWL
_beng
_cDSWL
041 _aeng
_2eng
084 _aY:4375x, N88;1
_qDSWL
100 _aMadan, G.R.
_9840258
245 0 _aIndian Social Problems
_c by G.R. Madan
260 _aNew Delhi
_bAllied
_c1994
300 _axxii,548p.
365 _aINR
_b150.00
490 _vVol. I
925 _g150.00
942 _cTEXL
_hY:4375x, N88;1
999 _c1457311
_d1457311